00441nam a2200157Ia 4500008004100000020001400041082001600055100002400071245006000095250000700155260003800162300002800200500000700228600003300235650001500268240925s9999 xx 000 0 und d a399138196 a155.332 FRA aFrank , S. Pittman 0aMan Enough: fathers sons and the search for masculinity aNA aIndia:bGalgotia Publ Indc,1993. axxii,375p.bNAfPirated aNA aHumanities & Natural Science aPsychology